[Event "2nd International Chess Festiv"]
[Site "Paracin"]
[Date "2009.08.23"]
[Round "5.25"]
[White "Radusinovic, Lazar"]
[Black "Petrovski, Igor"]
[Result "1-0"]
[WhiteElo "2185"]
[BlackElo "1972"]
[PlyCount "53"]
[EventDate "2009.08.19"]

1. d4 Nf6 2. Nf3 e6 3. g3 c5 4. Bg2 cxd4 5. Nxd4 a6 6. O-O Be7 7. c4 O-O 8. e4
Qc7 9. b3 d6 10. Bb2 Nbd7 11. Qe2 Re8 12. Nc3 Rb8 13. Rad1 b6 14. e5 Nxe5 15.
Ndb5 Qd8 16. Nxd6 Bxd6 17. Ba3 Nxc4 18. bxc4 Bxa3 19. Rxd8 Rxd8 20. Rd1 Rxd1+
21. Qxd1 Be7 22. Qd4 h6 23. Qe5 Nd7 24. Qc7 Bf6 25. Ne4 Be5 26. Nd6 g5 27. Bc6
1-0

[Event "2nd International Chess Festiv"]
[Site "Paracin"]
[Date "2009.08.23"]
[Round "5.27"]
[White "Mladenovic, Stefan"]
[Black "Cvetanovic, Uros"]
[Result "1/2-1/2"]
[WhiteElo "1978"]
[BlackElo "2164"]
[PlyCount "115"]
[EventDate "2009.08.19"]

1. e4 c5 2. Nf3 e6 3. d4 cxd4 4. Nxd4 a6 5. Nc3 Qc7 6. Be2 Nf6 7. O-O d6 8. Be3
b5 9. a3 Bb7 10. f3 Nbd7 11. Qe1 Nb6 12. Rd1 Nc4 13. Bxc4 Qxc4 14. Nb3 Be7 15.
Na5 Qc7 16. Nxb7 Qxb7 17. Bf4 Rd8 18. e5 dxe5 19. Qxe5 O-O 20. Qc7 Qxc7 21.
Bxc7 Rxd1 22. Rxd1 Rc8 23. Bd6 Kf8 24. Rd2 Nd7 25. Bxe7+ Kxe7 26. Nd1 Nb6 27.
Ne3 Na4 28. b3 Nc3 29. Rd3 Nb1 30. a4 bxa4 31. bxa4 Nc3 32. a5 Rc5 33. Kf2 Na2
34. Rb3 f5 35. Ra3 Nb4 36. c3 Nc6 37. Nc2 Rd5 38. Nb4 Nxb4 39. cxb4 Rd2+ 40.
Kg3 Rb2 41. Rc3 Kd6 42. Rc4 g5 43. Rc8 Rxb4 44. Ra8 h5 45. Rxa6+ Ke5 46. h3 h4+
47. Kh2 Ra4 48. Ra8 Kf4 49. a6 e5 50. Ra7 e4 51. fxe4 fxe4 52. Ra8 Ke3 53. Kg1
Ra1+ 54. Kh2 Ke2 55. a7 e3 56. g3 Ra2 57. gxh4 gxh4 58. Kg1 1/2-1/2

[Event "2nd International Chess Festiv"]
[Site "Paracin"]
[Date "2009.08.23"]
[Round "5.29"]
[White "Milenkovic, Blagoje"]
[Black "Gagic, Miroljub"]
[Result "0-1"]
[WhiteElo "2155"]
[BlackElo "1895"]
[Annotator ",compaq"]
[PlyCount "128"]
[EventDate "2009.08.19"]

1. d4 d5 2. c4 e6 3. cxd5 exd5 4. Nc3 Nf6 5. Nf3 Bb4 6. Bg5 O-O 7. Bxf6 Qxf6 8.
Qb3 Bxc3+ 9. bxc3 Qb6 10. Qc2 c5 11. e3 cxd4 12. cxd4 Qb4+ 13. Nd2 Nc6 14. Bd3
g6 15. O-O Qe7 16. a3 Be6 17. Rfc1 Rac8 18. Qb2 Rc7 19. Rc5 Rfc8 20. Rac1 Nb8
21. Nb3 b6 22. Rxc7 Rxc7 23. Nd2 Qd6 24. a4 Rxc1+ 25. Qxc1 Qc6 26. Qa3 Bd7 27.
Bb5 Qc2 28. Nf1 Qc7 29. h3 a6 30. Be2 Bc6 31. Qc3 Qd6 32. Qb3 Bb7 33. Nd2 Qc6
34. Qb2 Nd7 35. Bd1 Nf6 36. f3 Ne8 37. Kf2 Nd6 38. Bb3 b5 39. axb5 Qxb5 40. Qc2
Bc6 41. Nb1 Nc4 42. Bxc4 Qxc4 43. Qxc4 dxc4 44. e4 Kf8 45. Ke3 Bb5 46. h4 Ke7
47. d5 a5 48. Nc3 Ba6 49. f4 f6 50. Kd4 h6 51. g3 Kd6 52. e5+ Kd7 53. Kc5 g5
54. hxg5 hxg5 55. Kb6 Bc8 56. Kb5 Ke7 57. Kxc4 gxf4 58. gxf4 fxe5 59. fxe5 Bb7
60. Kc5 Ba6 61. Na4 Bd3 62. Nb6 Be4 63. Kd4 Bc2 64. d6+ Ke6 $138 0-1

[Event "2nd International Chess Festiv"]
[Site "Paracin"]
[Date "2009.08.23"]
[Round "5.30"]
[White "Nesic, Nebojsa"]
[Black "Milosavljevic, Milica"]
[Result "1-0"]
[WhiteElo "2127"]
[BlackElo "1786"]
[PlyCount "67"]
[EventDate "2009.08.19"]

1. d4 Nf6 2. c4 g6 3. Nc3 Bg7 4. e4 d6 5. Nf3 O-O 6. Be2 e5 7. O-O Nc6 8. Be3
Nd7 9. d5 Ne7 10. Nd2 f5 11. f3 Nf6 12. c5 f4 13. Bf2 g5 14. Rc1 Ng6 15. cxd6
cxd6 16. Nb5 Rf7 17. Nc4 Bf8 18. Bxa7 Ne8 19. Bb6 Qf6 20. Bf2 Bd7 21. Nb6 Rd8
22. Nxd7 Rfxd7 23. Qa4 Rg7 24. Bb6 Rdd7 25. Rc8 Qf7 26. Qa8 Nf6 27. Nc7 h6 28.
Ne6 Rh7 29. Qb8 g4 30. Bb5 Re7 31. Qxd6 Ne8 32. Qd8 Nf6 33. Nxf8 Qxf8 34. Bc5
1-0

[Event "2nd International Chess Festiv"]
[Site "Paracin"]
[Date "2009.08.23"]
[Round "5.31"]
[White "Milosavljevic, Marija"]
[Black "Bulatovic, Nikola"]
[Result "0-1"]
[WhiteElo "1848"]
[BlackElo "2111"]
[PlyCount "76"]
[EventDate "2009.08.19"]

1. Nc3 c5 2. Nf3 e6 3. e4 a6 4. d4 cxd4 5. Nxd4 Qc7 6. Bd3 Nc6 7. Nb3 Nf6 8.
O-O b5 9. Re1 d6 10. Bf4 Be7 11. h3 O-O 12. Qd2 Ne5 13. Rad1 Rd8 14. Qe2 Bb7
15. Bg3 b4 16. Nb1 a5 17. Nd4 Qc5 18. Nf3 Ng6 19. Qe3 Qxe3 20. Rxe3 d5 21. e5
Ne4 22. Nd4 Nxg3 23. Bxg6 Ne4 24. Bh5 Bg5 25. Rde1 Bf4 26. Kf1 Bxe5 27. Nf3
Bxb2 28. Nbd2 Nc3 29. Bxf7+ Kxf7 30. Ng5+ Kg8 31. Nxe6 Rdc8 32. Nxg7 Ba6+ 33.
Kg1 Ne2+ 34. Kh1 Bxg7 35. c4 Nc3 36. Rc1 dxc4 37. Re7 Nxa2 38. Rce1 c3 0-1

[Event "2nd International Chess Festiv"]
[Site "Paracin"]
[Date "2009.08.23"]
[Round "5.32"]
[White "Bozilov, Dragan"]
[Black "Vebel, Goran"]
[Result "0-1"]
[WhiteElo "1830"]
[BlackElo "2081"]
[PlyCount "62"]
[EventDate "2009.08.19"]

1. e4 c5 2. c3 Nf6 3. e5 Nd5 4. g3 d6 5. exd6 exd6 6. Bg2 Nc7 7. Ne2 Nc6 8. O-O
Be7 9. d4 O-O 10. dxc5 dxc5 11. Nf4 Qxd1 12. Rxd1 Bg4 13. Re1 Rfe8 14. Nd5 Nxd5
15. Bxd5 Rad8 16. Bxc6 bxc6 17. Bf4 Be6 18. Nd2 Rd3 19. Nb3 h6 20. Be3 Rb8 21.
Bxc5 Rxb3 22. axb3 Bxc5 23. b4 Bb6 24. Rad1 Rf3 25. Rd2 g5 26. Kg2 g4 27. Re4
Kf8 28. c4 Rb3 29. c5 Bc7 30. Red4 h5 31. Kf1 Bd5 0-1

[Event "2nd International Chess Festiv"]
[Site "Paracin"]
[Date "2009.08.23"]
[Round "5.33"]
[White "Tausanov, Mihail"]
[Black "Mijovic, Cedomir"]
[Result "1-0"]
[WhiteElo "1914"]
[BlackElo "2048"]
[PlyCount "51"]
[EventDate "2009.08.19"]

1. c4 e5 2. g3 c6 3. d4 Qc7 4. dxe5 Qxe5 5. Nf3 Qc7 6. Bf4 Qa5+ 7. Nbd2 d5 8.
cxd5 cxd5 9. Bg2 Nc6 10. O-O Nf6 11. Re1 Be7 12. Nb3 Qb6 13. Be3 Qd8 14. Nbd4
O-O 15. Rc1 Nxd4 16. Nxd4 a6 17. Qb3 Ne4 18. Red1 Qa5 19. a3 Bf6 20. Qd3 Qa4
21. Bf4 g5 22. Be3 b6 23. Bxe4 dxe4 24. Qxe4 Bh3 25. Qf3 Rfe8 26. Qxf6 1-0

[Event "2nd International Chess Festiv"]
[Site "Paracin"]
[Date "2009.08.23"]
[Round "5.35"]
[White "Helin, Mikael"]
[Black "Kasparova, Yeva"]
[Result "1-0"]
[WhiteElo "1973"]
[BlackElo "1778"]
[Annotator ",compaq"]
[PlyCount "81"]
[EventDate "2009.08.19"]

1. e4 d6 2. Nc3 Nf6 3. g3 e5 4. Bg2 g6 5. Nge2 Bg7 6. O-O O-O 7. h3 Nbd7 8. d3
c6 9. f4 b5 10. f5 b4 11. Nb1 d5 12. g4 h6 13. g5 hxg5 14. Bxg5 dxe4 15. dxe4
Qb6+ 16. Kh2 Nc5 17. Ng3 Ba6 18. Rg1 Rad8 19. Qe1 Rd7 20. Nd2 Na4 21. Ngf1 Nxb2
22. Qh4 Nh7 23. f6 Bh8 24. Ne3 Nxg5 25. Ng4 Rfd8 $11 26. Nf3 Nxf3+ 27. Bxf3
Rd2+ 28. Kh1 Be2 29. Nh6+ Kf8 30. Bxe2 Rxe2 31. Nf5 Ke8 32. Ng7+ Kd7 33. Qg4+
Kc7 34. Qxe2 Rd4 35. Rg4 Nc4 36. Rh4 Qb8 37. Rf1 Nd6 38. Qh2 Nc4 39. Qe2 Qg8
40. Ne6+ Kd6 41. Nxd4 1-0